Koncepcja wielopoziomowych systemów informacyjno-decyzyjnych w przedsiebiorstwach wielozakladowych
Na minha lista:
| Outros Autores: | |
|---|---|
| Formato: | Livro |
| Idioma: | polonês |
| Publicado em: |
Wroclaw
Wydawnictwo Akademii Ekonomicznej im. Oskara Langego we Wroclawiu
1997
|
| Colecção: | Informatyka ekonomiczna 1
Prace naukowe nr. 757 |
| Assuntos: | |
| Tags: |
Sem tags, seja o primeiro a adicionar uma tag!
|
MARC
| LEADER | 00000nam a2200000 4500 | ||
|---|---|---|---|
| 001 | c103070 | ||
| 005 | 20250509102647.0 | ||
| 022 | |a 0324-8445 | ||
| 041 | 0 | |a pol | |
| 044 | |a PL | ||
| 245 | 1 | 0 | |a Koncepcja wielopoziomowych systemów informacyjno-decyzyjnych w przedsiebiorstwach wielozakladowych |c Redaktor naukowy: Adam Nowicki |
| 264 | 1 | |a Wroclaw |b Wydawnictwo Akademii Ekonomicznej im. Oskara Langego we Wroclawiu |c 1997 | |
| 300 | |a 102 s. | ||
| 490 | 1 | |a Informatyka ekonomiczna 1 |v Prace naukowe nr. 757 | |
| 830 | 0 | |a Informatyka ekonomiczna 1 |v Prace naukowe nr. 757 | |
| 610 | 2 | 0 | |a systémy informačné podnikové |
| 610 | 2 | 0 | |a koncepcie |
| 610 | 2 | 0 | |a podnik |
| 610 | 2 | 0 | |a rozhodovanie |
| 610 | 2 | 0 | |a komunikácia |
| 610 | 2 | 0 | |a zdravotníctvo |
| 610 | 2 | 0 | |a priemysel ťažobný |
| 610 | 2 | 0 | |a účtovníctvo vnútropodnikové |
| 610 | 2 | 0 | |a modelovanie |
| 610 | 2 | 0 | |a automatizácia |
| 700 | 1 | |a Nowicki, Adam | |